[Event "Titled Tuesday intern op 7th Aug"]
[Site "Chess.com INT"]
[Date "2018.08.07"]
[Round "8"]
[White "Guthwin, Carl"]
[Black "Perez Rodriguez, Jennifer"]
[Result "1/2-1/2"]
[WhiteElo "2344"]
[BlackElo "2159"]
[PlyCount "63"]
[EventDate "2018.08.07"]
[EventType "swiss (blitz)"]
[EventRounds "10"]
[EventCountry "USA"]
[SourceTitle "EXT 2021"]
[Source "ChessBase"]
[SourceDate "2020.10.23"]
[SourceVersion "1"]
[SourceVersionDate "2020.10.23"]
[SourceQuality "1"]

1. e4 e5 2. Nf3 Nc6 3. Bb5 f5 4. Nc3 fxe4 5. Nxe4 Nf6 6. Nxf6+ Qxf6 7. Qe2 Be7 8. Bxc6 dxc6 9. Nxe5 0-0 10. 0-0 Bd6 11. d4 Bf5 12. Be3 Bxe5 13. dxe5 Qxe5 14. c3 Rae8 15. Qc4+ Qd5 16. Qd4 b6 17. b3 Qxd4 18. Bxd4 c5 19. Be3 Rd8 20. Rad1 Bc2 21. Rc1 Be4 22. Rfe1 Rfe8 23. Bf4 c6 24. f3 Bg6 25. Kf2 Kf7 26. g4 Rxe1 27. Rxe1 Re8 28. Rxe8 Kxe8 29. Bb8 Kd7 30. a3 Bc2 31. b4 cxb4 32. cxb4 1/2-1/2

[Event "Titled Tuesday intern op 7th Aug"]
[Site "Chess.com INT"]
[Date "2018.08.07"]
[Round "4"]
[White "Guthwin, Carl"]
[Black "Sabuk, Piotr"]
[Result "0-1"]
[WhiteElo "2322"]
[BlackElo "2377"]
[PlyCount "223"]
[EventDate "2018.08.07"]
[EventType "swiss (blitz)"]
[EventRounds "10"]
[EventCountry "USA"]
[SourceTitle "EXT 2021"]
[Source "ChessBase"]
[SourceDate "2020.10.23"]
[SourceVersion "1"]
[SourceVersionDate "2020.10.23"]
[SourceQuality "1"]

1. e4 e5 2. Nf3 Nc6 3. Bb5 a6 4. Ba4 Nf6 5. 0-0 Be7 6. Re1 b5 7. Bb3 d6 8. c3 0-0 9. d4 Bg4 10. Be3 exd4 11. cxd4 Na5 12. Bc2 c5 13. h3 Bh5 14. Nbd2 Rc8 15. Rc1 Nd7 16. b3 Nc6 17. g4 Bg6 18. d5 Nce5 19. Nxe5 dxe5 20. Nf3 h6 21. Qd2 Bd6 22. Bd3 Re8 23. a4 c4 24. bxc4 bxa4 25. c5 Nxc5 26. Bxc5 Rxc5 27. Rxc5 Bxc5 28. Bxa6 Qb6 29. Qe2 Ra8 30. Bc4 f6 31. d6+ Kh7 32. d7 a3 33. Nh4 Rd8 34. Nxg6 Kxg6 35. Qf3 Kh7 36. Bf7 g6 37. Rd1 Kg7 38. Ba2 Qb2 39. Qb3 Qxb3 40. Bxb3 Bd4 41. Be6 Kf8 42. Rd3 Ke7 43. Ba2 Ra8 44. d8Q+ Kxd8 45. Kg2 Kc7 46. f4 Rb8 47. Rxa3 exf4 48. Kf3 Be5 49. Bf7 g5 50. Ra7+ Kd6 51. Ra6+ Kc5 52. Ra5+ Kb4 53. Ra6 Rc8 54. Rb6+ Kc5 55. Rb1 Kd6 56. Rd1+ Ke7 57. Bg6 Rc3+ 58. Kg2 Rg3+ 59. Kf2 Rxh3 60. Bf5 Bd6 61. Rb1 Bc5+ 62. Kg2 Rg3+ 63. Kh2 Kd6 64. Rb7 Ke5 65. Rd7 Bd6 66. Rh7 Rb3 67. Rxh6 f3 68. Rh8 Rb2+ 69. Kg3 Rb3 70. Re8+ Kd4+ 71. Kf2 Be5 72. Rd8+ Kc4 73. Be6+ Kc3 74. Bxb3 Kxb3 75. Kxf3 Kc4 76. Rd5 Kc3 77. Ke3 Kc4 78. Rd7 Kc3 79. Rd8 Kc4 80. Rc8+ Kb4 81. Kd3 Kb5 82. Re8 Kc6 83. Rd8 Kc5 84. Rd5+ Kc6 85. Kc4 Ba1 86. Rf5 Kd6 87. Kb5 Be5 88. Kc4 Ke6 89. Kc5 Bc3 90. Kc6 Be5 91. Rf3 Bf4 92. Rh3 Ke5 93. Rh6 Bc1 94. Kd7 Bb2 95. Rh2 Bd4 96. Re2 Kf4 97. Ke6 Kxg4 98. Rg2+ Kf4 99. Kd5 Be5 100. Rf2+ Ke3 101. Ra2 g4 102. Ra3+ Kf4 103. Ra1 g3 104. Rf1+ Ke3 105. Re1+ Kf2 106. Rc1 g2 107. Rc2+ Kg3 108. Rc1 Kh2 109. Rc2 Kh1 110. Rc1+ g1Q 111. Rxg1+ Kxg1 112. Ke6 0-1

[Event "Titled Tuesday intern op 7th Aug"]
[Site "Chess.com INT"]
[Date "2018.08.07"]
[Round "1"]
[White "Klekowski, Maciej"]
[Black "Guthwin, Carl"]
[Result "1-0"]
[WhiteElo "2502"]
[BlackElo "2327"]
[PlyCount "103"]
[EventDate "2018.08.07"]
[EventType "swiss (blitz)"]
[EventRounds "10"]
[EventCountry "USA"]
[SourceTitle "EXT 2021"]
[Source "ChessBase"]
[SourceDate "2020.10.23"]
[SourceVersion "1"]
[SourceVersionDate "2020.10.23"]
[SourceQuality "1"]

1. c4 Nf6 2. Nc3 e5 3. g3 Nc6 4. Bg2 Bb4 5. e4 0-0 6. Nge2 a5 7. 0-0 d6 8. d3 Nd4 9. Nxd4 exd4 10. Ne2 Bc5 11. h3 Bd7 12. b3 Bb6 13. Bb2 c5 14. a4 Qc8 15. Kh2 Ne8 16. Bc1 f5 17. exf5 Bxf5 18. Nf4 Nf6 19. Ra2 Bd7 20. Re2 Bc6 21. Rfe1 Bxg2 22. Nxg2 Qc6 23. Re6 Rae8 24. Nf4 Rxe6 25. Rxe6 Qd7 26. Qe2 Bd8 27. Bd2 Re8 28. Rxe8+ Qxe8 29. Qxe8+ Nxe8 30. Nd5 Kf7 31. Kg2 Nf6 32. Nxf6 Kxf6 33. Kf3 Kf5 34. g4+ Ke6 35. Ke4 g5 36. f3 b6 37. f4 gxf4 38. Bxf4 Bh4 39. Bh6 Bf6 40. g5 Be5 41. h4 Kf7 42. h5 Ke6 43. Bf8 Kf7 44. Bh6 Ke6 45. g6 hxg6 46. hxg6 Kf6 47. g7 Kf7 48. Kd5 Bg3 49. Kc6 Be1 50. Kxb6 Bg3 51. Kxa5 Be1+ 52. Kb6 1-0

[Event "Titled Tuesday intern op 17th April"]
[Site "Chess.com INT"]
[Date "2017.11.07"]
[Round "7"]
[White "Yoo, Christopher Woojin"]
[Black "Guthwin, Carl"]
[Result "1-0"]
[WhiteElo "2194"]
[BlackElo "2339"]
[PlyCount "97"]
[EventDate "2017.04.17"]
[EventType "swiss (blitz)"]
[EventRounds "10"]
[EventCountry "USA"]
[SourceTitle "EXT 2021"]
[Source "ChessBase"]
[SourceDate "2020.10.23"]
[SourceVersion "1"]
[SourceVersionDate "2020.10.23"]
[SourceQuality "1"]

1. e4 c5 2. Nf3 d6 3. d4 cxd4 4. Nxd4 Nf6 5. Nc3 g6 6. Be3 Bg7 7. f3 Nc6 8. Bc4 0-0 9. Qd2 Bd7 10. h4 Rc8 11. Bb3 Ne5 12. 0-0-0 h5 13. Kb1 Nc4 14. Bxc4 Rxc4 15. Nb3 a5 16. e5 dxe5 17. Nc5 Rxc5 18. Bxc5 Qc7 19. Bxe7 Bf5 20. Bxf8 Bxf8 21. Rhe1 Nd7 22. Ne4 Be6 23. Qc3 Qb6 24. a3 Be7 25. Rxd7 Bxd7 26. Qxe5 Bxh4 27. Rd1 Bf5 28. Qd4 Qc6 29. Nc3 Bf6 30. Qd6 Bxc3 31. Qxc6 bxc6 32. bxc3 Be6 33. Rd6 Bd5 34. c4 Bxc4 35. Rxc6 Bf1 36. g3 Bg2 37. Rc8+ Kg7 38. f4 a4 39. Rc4 f6 40. Rxa4 g5 41. fxg5 fxg5 42. Rb4 Kf6 43. a4 g4 44. Rb5 Kg6 45. a5 Bf1 46. Rc5 h4 47. gxh4 g3 48. Rg5+ Kh6 49. Rxg3 1-0

[Event "Titled Tuesday intern Qual1 4th April"]
[Site "Chess.com INT"]
[Date "2017.04.04"]
[Round "5"]
[White "Guthwin, Carl"]
[Black "Kleinman, Michael"]
[Result "0-1"]
[WhiteElo "2282"]
[BlackElo "2289"]
[PlyCount "64"]
[EventDate "2017.04.04"]
[EventType "swiss (blitz)"]
[EventRounds "10"]
[EventCountry "USA"]
[SourceTitle "EXT 2021"]
[Source "ChessBase"]
[SourceDate "2020.10.23"]
[SourceVersion "1"]
[SourceVersionDate "2020.10.23"]
[SourceQuality "1"]

1. d4 Nf6 2. c4 g6 3. Nc3 d5 4. cxd5 Nxd5 5. Bd2 Bg7 6. e4 Nxc3 7. Bxc3 0-0 8. Qd2 Nc6 9. Nf3 Bg4 10. d5 Bxf3 11. Bxg7 Kxg7 12. gxf3 Ne5 13. Qc3 f6 14. 0-0-0 c6 15. dxc6 Qb6 16. cxb7 Qxb7 17. Kb1 Rab8 18. Bg2 g5 19. h4 h6 20. hxg5 hxg5 21. Rh5 Rfc8 22. Qd4 Rc4 23. Qd2 Rb4 24. Rxg5+ fxg5 25. Qxg5+ Ng6 26. Ka1 Rxb2 27. Qc1 Qb4 28. f4 Rxa2+ 29. Kxa2 Qa4+ 30. Qa3 Qc2+ 31. Ka1 Qxd1+ 32. Ka2 Qb1# 0-1

[Event "Titled Tuesday intern Qual1 4th April"]
[Site "Chess.com INT"]
[Date "2017.04.04"]
[Round "6"]
[White "Guthwin, Carl"]
[Black "Osinovsky, Stepan"]
[Result "0-1"]
[WhiteElo "2272"]
[BlackElo "2241"]
[PlyCount "132"]
[EventDate "2017.04.04"]
[EventType "swiss (blitz)"]
[EventRounds "10"]
[EventCountry "USA"]
[SourceTitle "EXT 2021"]
[Source "ChessBase"]
[SourceDate "2020.10.23"]
[SourceVersion "1"]
[SourceVersionDate "2020.10.23"]
[SourceQuality "1"]

1. c4 c6 2. Nc3 d6 3. g3 g6 4. Bg2 Bg7 5. Nf3 Nf6 6. 0-0 0-0 7. d3 Nbd7 8. Bd2 e5 9. Qc1 a5 10. a3 Re8 11. Rb1 a4 12. Ne1 Nc5 13. Qc2 Bg4 14. Nf3 Qd7 15. Rfe1 Bh3 16. Bh1 Ng4 17. Ng5 Nh6 18. Nge4 Nxe4 19. Nxe4 c5 20. Nc3 Ng4 21. b3 axb3 22. Rxb3 Qf5 23. f3 Nf6 24. Nb5 Red8 25. Bc1 Qh5 26. Nc7 Ra7 27. Qd2 d5 28. cxd5 Nxd5 29. Nxd5 Rxd5 30. Qe3 Rd4 31. Bb2 Bh6 32. Qf2 Be6 33. Rb5 b6 34. Rxb6 Rad7 35. Rb8+ Kg7 36. Rb5 R7d5 37. Bxd4 cxd4 38. Rxd5 Bxd5 39. Kf1 Be3 40. Qg2 Qf5 41. g4 Qc8 42. Qg3 Bf4 43. Qf2 Qc2 44. h4 h6 45. Kg2 Qd2 46. e3 dxe3 47. Qe2 Qc3 48. Kh3 Qxa3 49. Bg2 Qe7 50. Rb1 Qf6 51. Rb5 Be6 52. Qe1 Qd8 53. Qe2 Qd4 54. Rb7 Qa1 55. Qf1 Qa2 56. Rb1 h5 57. Ra1 Qd5 58. Qe2 Qd7 59. Bf1 Qc6 60. Rb1 hxg4+ 61. Kg2 Bd5 62. Kg1 gxf3 63. Qb2 f2+ 64. Qxf2 exf2+ 65. Kxf2 Qc5+ 66. Ke2 Qe3+ 0-1